The Shadowmancer Returns : (Record no. 4786)
[ view plain ]
| 000 -LEADER | |
|---|---|
| fixed length control field | 00958nam a22002777a 4500 |
| 001 - CONTROL NUMBER | |
| control field | 4786 |
| 003 - CONTROL NUMBER IDENTIFIER | |
| control field | FISKH |
| 005 - DATE AND TIME OF LATEST TRANSACTION | |
| control field | 20241014090339.0 |
| 008 - FIXED-LENGTH DATA ELEMENTS--GENERAL INFORMATION | |
| fixed length control field | 241014b cb ||||| |||| 00| 0 eng d |
| 020 ## - INTERNATIONAL STANDARD BOOK NUMBER | |
| International Standard Book Number | 9780399243462 |
| 040 ## - CATALOGING SOURCE | |
| Original cataloging agency | FISKH |
| Language of cataloging | eng |
| Transcribing agency | FISKH |
| Modifying agency | FISKH |
| 050 ## - LIBRARY OF CONGRESS CALL NUMBER | |
| Classification number | PZ7.T2134 |
| 082 ## - DEWEY DECIMAL CLASSIFICATION NUMBER | |
| Classification number | 823.92 |
| 100 ## - MAIN ENTRY--PERSONAL NAME | |
| Personal name | Taylor, G.P. |
| 245 ## - TITLE STATEMENT | |
| Title | The Shadowmancer Returns : |
| Remainder of title | The Curse of Salamander Street / |
| Statement of responsibility, etc. | by G.P. Taylor |
| 260 ## - PUBLICATION, DISTRIBUTION, ETC. | |
| Place of publication, distribution, etc. | New York : |
| Name of publisher, distributor, etc. | The Penguin Group ; |
| Date of publication, distribution, etc. | 2006. |
| 300 ## - PHYSICAL DESCRIPTION | |
| Extent | 240 pages : |
| Other physical details | illustrations ; |
| Dimensions | 24 cm . |
| 490 ## - SERIES STATEMENT | |
| Series statement | The Shadowmancer Quartet |
| 505 ## - FORMATTED CONTENTS NOTE | |
| Formatted contents note | R <br/> |
| 520 ## - SUMMARY, ETC. | |
| Summary, etc. | In this sequel to Shadowmancer, Thomas, Kate, and Raphah flee from the evil sorceror Dumurral and head to London, where they soon discover that their battle with the forces of evil has just begun. |
| 521 8# - TARGET AUDIENCE NOTE | |
| Target audience note | 780 <br/> |
| Source | Lexile <br/> |
| 521 8# - TARGET AUDIENCE NOTE | |
| Target audience note | R <br/> |
| Source | Raz-Plus <br/> |
| 650 ## - SUBJECT ADDED ENTRY--TOPICAL TERM | |
| Topical term or geographic name entry element | magic |
| Form subdivision | Fiction |
| 942 ## - ADDED ENTRY ELEMENTS (KOHA) | |
| Source of classification or shelving scheme | Dewey Decimal Classification |
| Koha item type | Books |
| Suppress in OPAC | No |
| Withdrawn status | Lost status | Source of classification or shelving scheme | Damaged status | Not for loan | Collection | Home library | Current library | Shelving location | Date acquired | Total Checkouts | Full call number | Barcode | Date last seen | Date last checked out | Price effective from | Koha item type |
|---|---|---|---|---|---|---|---|---|---|---|---|---|---|---|---|---|
| Dewey Decimal Classification | Fiction | Footprints International School Library Network Toul Kork Campus | Footprints International School Library Network Toul Kork Campus | TTP Primary Orange Bookshelves | 10/14/2024 | 1 | TAY 823.92 PZ7.T2134 | FIS03034 | 02/25/2026 | 01/30/2026 | 10/14/2024 | Books |
